| 000 | 01095nam0a2200337 4500 | ||
|---|---|---|---|
| 001 | RU\NLR\BIBL_A\011374074 | ||
| 005 | 20241114220622.0 | ||
| 010 |
_a9785699908257 _93000 |
||
| 021 |
_aRU _b2017-22054 _91640 |
||
| 035 | _a(RuMoRGB)008840455 | ||
| 035 | _a(NLR Aleph) 011374074 | ||
| 090 |
_a11367838 _c11367838 |
||
| 100 | _a20170425d2017 m y0rusy50 ca | ||
| 101 | 0 | _arus | |
| 102 | _aRU | ||
| 105 | _aac z 000zy | ||
| 200 | 1 | _aБольшая книга семейной мудрости | |
| 210 |
_aМосква _cЭ _d2017 |
||
| 215 |
_a605 с. _cил., портр. _d21 |
||
| 225 | 1 | _aБольшие книги мудрости | |
| 333 | _a16+ | ||
| 606 | 1 |
_aСемья _xв художественной литературе _91607991 _3RU\NLR\AUTH\661006677 |
|
| 606 |
_aСемья _xв фольклоре _92554106 _3RU\NLR\AUTH\661511190 |
||
| 686 |
_aШ5(0)-694семья.я48 _2rubbk |
||
| 686 | 1 | _aШ3(0)-694 | |
| 686 | 1 | _aШ6(0)07я43(Лх150-45) | |
| 942 | _cBOOK | ||
| 980 | _aNBR | ||